00611nam a2200193Ia 4500001001000000003000500010008004100015010001100056040000900067082001800076100002800094245011800122260006000240300001100300650003100311650002400342650002600366700002500392Para_1800CHAP220125s1991 xx 000 0 und d a200451 cCHAP aPA 634.711 E5 aEllis, Michael A. , ed. aCompendium of raspberry and blackberry diseases and insects /c by Michael A. Ellis, Richard H. Converse, et. al aSt. Paul, Minn. :b American Phytopathological Society a100 p. aFrambuesa x enfermedades  aFrambuesa x plagas aMora x enfermedades  aConverse, Richard H.